| 000 | 01072cam a2200313 i 4500 | ||
|---|---|---|---|
| 001 | 17598930 | ||
| 003 | EG-ScBUE | ||
| 005 | 20260126101308.0 | ||
| 008 | 130123s2013 nyu f be 000 0 eng d | ||
| 020 | _a9781461415329 | ||
| 040 |
_aDLC _beng _erda _cDLC _dEG-ScBUE |
||
| 082 | 0 | 4 |
_a572.6 _bENC _222 |
| 245 | 0 | 0 |
_aEncyclopedia of metalloproteins / _ceditors Robert H. Kretsinger, Vladimir N. Uversky, Eugene A. Permi︠a︡kov. |
| 264 | 1 |
_aNew York : _bSpringer, _c2013. |
|
| 300 |
_a3 volumes : _billustrations ; _c24 cm |
||
| 336 |
_2rdacontent _atext _btxt |
||
| 337 |
_aunmediated _2rdamedia _bn |
||
| 338 |
_avolume _bnc _2rdacarrier |
||
| 504 | _aIncludes bibliographical references. | ||
| 505 | 2 | _aVolume 1. A-C -- Volume 2. D-L -- Volume 4. S-Z. | |
| 650 | 7 |
_aMetalloproteins _vEncyclopedias. _2BUEsh |
|
| 651 | _2BUEsh | ||
| 653 |
_bPPhrm _bENGCHE _cDecember2016 |
||
| 655 | _vReading book | ||
| 700 | 1 |
_aKretsinger, Robert H., _eeditor. |
|
| 700 | 1 |
_aUversky, Vladimir N., _eeditor. |
|
| 700 | 1 |
_aPermi︠a︡kov, Eugene A., _eeditor. |
|
| 942 |
_2ddc _cBB |
||
| 999 |
_c23772 _d23744 |
||